| 000 -NÁVESTIE |
| fixed length control field |
01758cam a2200505 a 4500 |
| 001 - EVIDENČNÉ ČÍSLO ZÁZNAMU - Kontrolné číslo |
| control field |
vtls011424019 |
| 005 - DÁTUM A ČAS POSLEDNEJ TRANSAKCIE |
| control field |
20250924110229.0 |
| 008 - ÚDAJE S PEVNOU DĹŽKOU – VŠEOBECNÉ INFORMÁCIE |
| fixed length control field |
171219s2015 xo oab g n 001 0 slo |
| 020 ## - MEDZINÁRODNÉ ŠTANDARDNÉ ČÍSLO KNIHY (ISBN) |
| Medzinárodné štandardné číslo knihy (ISBN) |
9788080467302 (viaz.) |
| 035 ## - Iný štandardný identifikátor |
| Iný štandardný identifikátor |
44AA88C9-76A2-48BE-A9A2-21D9A739894D |
| 035 ## - Iný štandardný identifikátor |
| Iný štandardný identifikátor |
urn:nbn:sk:snk-amyc7n |
| 035 ## - Iný štandardný identifikátor |
| Iný štandardný identifikátor |
urn:nbn:sk:snk-am00cfu8 |
| 040 ## - ZDROJ KATALOGIZÁCIE |
| Pôvodná katalogizujúca agentúra |
PPPK |
| Jazyk katalogizácie |
slo |
| Prepisujúca agentúra |
PPPK |
| Modifikujúca agentúra |
SNK |
| Konvencie popisu |
AACR2 |
| 041 0# - KÓD JAZYKA |
| Kód jazyka textu/zvukovej stopy alebo samostatných nápisov |
slo |
| 044 ## - KÓD KRAJINY VYDAVATEĽA/PRODUCENTA |
| Kód krajiny MARC |
xo |
| Kód krajiny ISO |
SK |
| 072 #7 - KÓD PREDMETOVEJ KATEGÓRIE |
| Kód predmetovej kategórie |
94(437) |
| Pododdiel kódu predmetovej kategórie |
Dejiny Česka a Slovenska |
| Zdroj |
konspekt |
| 080 ## - ČÍSLO MEDZINÁRODNÉHO DESATINNÉHO TRIEDENIA (MDT) |
| Číslo Medzinárodného desatinného triedenia (MDT) |
94(437.6) |
| Identifikátor vydania |
2011 |
| 080 ## - ČÍSLO MEDZINÁRODNÉHO DESATINNÉHO TRIEDENIA (MDT) |
| Číslo Medzinárodného desatinného triedenia (MDT) |
903 |
| Identifikátor vydania |
2011 |
| 080 ## - ČÍSLO MEDZINÁRODNÉHO DESATINNÉHO TRIEDENIA (MDT) |
| Číslo Medzinárodného desatinného triedenia (MDT) |
94"04/14" |
| Identifikátor vydania |
2001 |
| 080 ## - ČÍSLO MEDZINÁRODNÉHO DESATINNÉHO TRIEDENIA (MDT) |
| Číslo Medzinárodného desatinného triedenia (MDT) |
94"15/..." |
| Identifikátor vydania |
2001 |
| 080 ## - ČÍSLO MEDZINÁRODNÉHO DESATINNÉHO TRIEDENIA (MDT) |
| Číslo Medzinárodného desatinného triedenia (MDT) |
(048.8:082) |
| Identifikátor vydania |
2011 |
| 245 00 - NÁZOV |
| Názov |
Slovenské dejiny |
| Zvyšok názvu |
od úsvitu po súčasnosť |
| Údaj o zodpovednosti atď. |
[Michal Habaj ... [et al.]] |
| 250 ## - ÚDAJ O PORADÍ VYDANIA |
| Údaj o poradí vydania |
1. vyd. |
| 260 ## - VYDAVATEĽSKÉ ÚDAJE, DISTRIBÚCIA ATĎ. |
| Miesto publikovania, distribúcie atď. |
Bratislava |
| Názov vydavateľa, distibútora atď. |
Perfekt |
| Dátum publikovania, distribúcie atď. |
2015 |
| 300 ## - FYZICKÝ POPIS |
| Rozsah |
551 s. |
| Ďalšie fyzické detaily |
faks., fotogr., ilustr., mp. |
| Rozmery |
25 cm |
| 500 ## - VŠEOBECNÁ POZNÁMKA |
| Formátovaná poznámka o obsahu |
Chronologický prehľad |
| 650 07 - PRIDANÝ VSTUP – PREDMET – TEMATICKÉ HESLO |
| Tematické heslo alebo geografický názov ako vstupný prvok |
pravek |
| Všeobecný pododdiel |
dejiny |
| Zdroj hesla alebo termínu |
SNKPH |
| -- |
4823 |
| 650 07 - PRIDANÝ VSTUP – PREDMET – TEMATICKÉ HESLO |
| Tematické heslo alebo geografický názov ako vstupný prvok |
dejiny stredoveku |
| Zdroj hesla alebo termínu |
SNKPH |
| -- |
4824 |
| 650 07 - PRIDANÝ VSTUP – PREDMET – TEMATICKÉ HESLO |
| Tematické heslo alebo geografický názov ako vstupný prvok |
novovek |
| Všeobecný pododdiel |
dejiny |
| Zdroj hesla alebo termínu |
SNKPH |
| -- |
4825 |
| 650 07 - PRIDANÝ VSTUP – PREDMET – TEMATICKÉ HESLO |
| Tematické heslo alebo geografický názov ako vstupný prvok |
Prehistory |
| Zdroj hesla alebo termínu |
SNKPHeng |
| -- |
4826 |
| 650 07 - PRIDANÝ VSTUP – PREDMET – TEMATICKÉ HESLO |
| Tematické heslo alebo geografický názov ako vstupný prvok |
Middle Ages history |
| Zdroj hesla alebo termínu |
SNKPHeng |
| -- |
4827 |
| 650 07 - PRIDANÝ VSTUP – PREDMET – TEMATICKÉ HESLO |
| Tematické heslo alebo geografický názov ako vstupný prvok |
Modern history |
| Zdroj hesla alebo termínu |
SNKPHeng |
| -- |
4828 |
| 651 #7 - PRIDANÝ VSTUP – PREDMET – GEOGRAFICKÝ NÁZOV |
| Geografický názov |
Slovensko |
| Všeobecný pododdiel |
dejiny |
| Zdroj hesla alebo termínu |
SNKPH |
| -- |
1981 |
| 655 #7 - INDEXAČNÝ TERMÍN – ŽÁNER/FORMA |
| Údaje o žánri/forme alebo termín, ktorý je prvok fazety |
Slovakia |
| Všeobecný pododdiel |
history |
| Zdroj termínu |
SNKPHeng |
| -- |
4829 |
| 655 #7 - INDEXAČNÝ TERMÍN – ŽÁNER/FORMA |
| Údaje o žánri/forme alebo termín, ktorý je prvok fazety |
kolektívne monografie |
| Zdroj termínu |
SNKPH |
| -- |
2197 |
| 655 #7 - INDEXAČNÝ TERMÍN – ŽÁNER/FORMA |
| Údaje o žánri/forme alebo termín, ktorý je prvok fazety |
Collective monographs |
| Zdroj termínu |
SNKPHeng |
| -- |
2198 |
| 700 1# - PRIDANÝ VSTUP – OSOBNÉ MENO |
| Osobné meno |
Habaj, Michal, |
| Dátumy súvisiace s menom |
1983- |
| Kód roly |
aut |
| -- |
2958 |
| 700 1# - PRIDANÝ VSTUP – OSOBNÉ MENO |
| Osobné meno |
Lukačka, Ján, |
| Dátumy súvisiace s menom |
1952- |
| Kód roly |
aut |
| -- |
4830 |
| 700 1# - PRIDANÝ VSTUP – OSOBNÉ MENO |
| Osobné meno |
Segeš, Vladimír, |
| Dátumy súvisiace s menom |
1950- |
| Kód roly |
aut |
| -- |
4821 |
| 700 1# - PRIDANÝ VSTUP – OSOBNÉ MENO |
| Osobné meno |
Mrva, Ivan, |
| Dátumy súvisiace s menom |
1954- |
| Kód roly |
aut |
| -- |
2859 |
| 700 1# - PRIDANÝ VSTUP – OSOBNÉ MENO |
| Osobné meno |
Petranský, Ivan A., |
| Dátumy súvisiace s menom |
1976- |
| Kód roly |
aut |
| -- |
4831 |
| 700 1# - PRIDANÝ VSTUP – OSOBNÉ MENO |
| Osobné meno |
Hrnko, Anton, |
| Dátumy súvisiace s menom |
1955- |
| Kód roly |
aut |
| -- |
4832 |
| 958 ## - Formálny deskriptor |
| Formálny deskriptor |
NB |